000 00698cam a2200205 4500
999 _c4916
_d4916
001 99226
003 OCoLC
005 20181217191918.0
008 701104s1970 miu 000 0 eng
010 _a78132518
040 _aDLC
_cDLC
_dOH6
050 0 0 _aBS2025 1970
_b.Z65
082 0 0 _aREF 225
130 0 _aBible.
_pNew Testament.
_lEnglish.
_sLayman's parallel.
_f1970
245 1 4 _aThe layman's parallel New Testament :
_bKing James version, the Amplified New Testament, the Living New Testament, Revised standard version
260 _aGrand Rapids, Mich.,
_bZondervan Pub. House
_c[1970]
300 _axv, 943 p.
_c25 cm
630 0 0 _aBible.
_pNew Testament.
_lEnglish
_xVersions
942 _2ddc
_cREF